New planting with discretion (Record no. 63462)

MARC details
000 -LEADER
fixed length control field 00917cam a2200217 4500
001 - CONTROL NUMBER
control field WB-3619-37
008 - FIXED-LENGTH DATA ELEMENTS--GENERAL INFORMATION
fixed length control field 000000n2000 000 0 eng u
035 ## - SYSTEM CONTROL NUMBER
System control number (Sirsi) u105980
245 ## - TITLE STATEMENT
Title New planting with discretion
260 ## - PUBLICATION, DISTRIBUTION, ETC.
Date of publication, distribution, etc. 2000
490 ## - SERIES STATEMENT
Series statement Glean: Forestry Commission Grants and Licences News
Volume/sequential designation (9) March 2000, 1(1)
520 ## - SUMMARY, ETC.
Summary, etc. In January 2000 the Forestry Commission introduced revised arrangements to deal with new planting applications in England. Changes include a new tick box "scoring form" (WGS 2a), which will help measure how far applicants' proposals meet the objectives of the EFS, and two new closing dates for applications.
590 ## - LOCAL NOTE (RLIN)
Local note WB
650 ## - SUBJECT ADDED ENTRY--TOPICAL TERM
Topical term or geographic name entry element ENGLAND FORESTRY STRATEGY
650 ## - SUBJECT ADDED ENTRY--TOPICAL TERM
Topical term or geographic name entry element WOODLAND GRANT SCHEME
650 ## - SUBJECT ADDED ENTRY--TOPICAL TERM
Topical term or geographic name entry element FORESTRY COMMISSION
650 ## - SUBJECT ADDED ENTRY--TOPICAL TERM
Topical term or geographic name entry element PLANTING APPLICATIONS
650 ## - SUBJECT ADDED ENTRY--TOPICAL TERM
Topical term or geographic name entry element RURAL DEVELOPMENT
690 ## - LOCAL SUBJECT ADDED ENTRY--TOPICAL TERM (OCLC, RLIN)
Topical term or geographic name as entry element RURAL-AGRICULTURE AND FORESTRY
942 ## - ADDED ENTRY ELEMENTS (KOHA)
Suppress in OPAC 0
Holdings
Withdrawn status Lost status Source of classification or shelving scheme Damaged status Not for loan Home library Current library Shelving location Date acquired Total Checkouts Full call number Barcode Date last seen Copy number Price effective from Koha item type
    Dewey Decimal Classification     London London News article 17/05/2000   WB3619-01 105980-1001 06/08/2019 1 06/08/2019 News article